000 00333nam a2200145Ia 4500
008 230718s9999 xx 000 0 und d
041 _aEng.
082 _a320
_bSAR-I
100 _aSarwar, Muhammad
245 0 _aIntroduction to Political
260 _aPakistan
_bIlmi kitab
_c2011
300 _a374
650 _aLaw
999 _c31116
_d31116